| 000 | 00513nam a2200181 i 4500 | ||
|---|---|---|---|
| 001 | 78738 | ||
| 003 | ES-MaACL | ||
| 005 | 20230906173810.0 | ||
| 007 | t| | ||
| 008 | 041015s1973 sp ||||1| spa d | ||
| 100 | 1 |
_aHalsell, Grace. _961628 |
|
| 245 | 1 | 0 |
_aYo fuí negra / _cGrace Halsell ; traducción del inglés Manuel Scholtz. |
| 250 | _a[1ª ed.]. | ||
| 260 |
_a[Barcelona : _bPicazo, _c1973] |
||
| 300 |
_a259 p. ; _c20 cm. |
||
| 700 | 1 |
_aScholtz, Manuel. _9104636 |
|
| 852 |
_aES-MaACL _jC-52846 _bR.86079 |
||
| 999 |
_c78738 _d78738 |
||